[Event "Piestany op-B"]
[Site "Piestany"]
[Date "2023.07.17"]
[Round "7"]
[White "Janech, Michal"]
[Black "Slivinsky, Maxim"]
[Result "1-0"]
[WhiteElo "1179"]
[BlackElo "1338"]
[PlyCount "84"]
[EventDate "2023.07.11"]
[EventType "swiss"]
[EventRounds "9"]
[EventCountry "SVK"]
[SourceTitle "EXT 2024"]
[Source "ChessBase"]
[SourceDate "2023.10.10"]
[SourceVersion "1"]
[SourceVersionDate "2023.10.10"]
[SourceQuality "1"]

1. d4 Nf6 2. Nc3 d5 3. Bg5 Nbd7 4. e3 e6 5. a3 h6 6. Bf4 Bd6 7. Bxd6 cxd6 8. Bd3 e5 9. Nge2 a6 10. Bf5 e4 11. 0-0 0-0 12. a4 g6 13. Bh3 Nb6 14. b3 Bxh3 15. gxh3 Nc8 16. Nf4 Ne7 17. Kh1 Nf5 18. Nfxd5 Nxd5 19. Nxd5 Nh4 20. Rg1 Nf3 21. Rg4 f5 22. Rxg6+ Kh7 23. Nf4 Rg8 24. Rg3 Rxg3 25. hxg3 Qe8 26. Qf1 Qf7 27. d5 Rg8 28. c4 h5 29. h4 Rg4 30. b4 Qe7 31. Qh3 Kh6 32. Rc1 Nxh4 33. c5 Qf6 34. cxd6 Qb2 35. Rf1 Qxb4 36. gxh4 Qxd6 37. Rg1 Rxg1+ 38. Kxg1 Qa3 39. Qxf5 Qa1+ 40. Kg2 Qg7+ 41. Kh3 Qg1 42. Qxh5+ Kg7 1-0

[Event "Piestany op-B"]
[Site "Piestany"]
[Date "2023.07.15"]
[Round "5"]
[White "Huttova, Karolina"]
[Black "Slivinsky, Maxim"]
[Result "0-1"]
[WhiteElo "1171"]
[BlackElo "1338"]
[PlyCount "104"]
[EventDate "2023.07.11"]
[EventType "swiss"]
[EventRounds "9"]
[EventCountry "SVK"]
[SourceTitle "EXT 2024"]
[Source "ChessBase"]
[SourceDate "2023.10.10"]
[SourceVersion "1"]
[SourceVersionDate "2023.10.10"]
[SourceQuality "1"]

1. e4 c5 2. Nf3 d6 3. h3 Nd7 4. Be2 g6 5. d3 Bg7 6. c3 b6 7. Be3 e5 8. 0-0 Ne7 9. d4 Bb7 10. Qd3 Nf6 11. d5 0-0 12. c4 Ne8 13. Nc3 f5 14. exf5 Nxf5 15. b3 Nxe3 16. fxe3 e4 17. Nxe4 Bxa1 18. Rxa1 Nf6 19. Nc3 Qe7 20. Re1 Bc8 21. Bf1 Nd7 22. Qe4 Ne5 23. Nb5 Bf5 24. Qf4 Bd3 25. Qh6 Nxf3+ 26. gxf3 Bxf1 27. Rxf1 a6 28. Nc3 Rae8 29. Nd1 b5 30. Kg2 bxc4 31. bxc4 Qd7 32. e4 Qa4 33. Qd2 Qxc4 34. Ne3 Qb5 35. Qc2 Qd7 36. Nc4 Qe7 37. Qd3 Rb8 38. Rf2 Qg5+ 39. Kh2 h5 40. Rg2 Qf4+ 41. Kh1 Kh7 42. e5 Rg8 43. exd6 Qd4 44. Qxd4 cxd4 45. Rd2 Rgf8 46. Rxd4 Rxf3 47. Kg2 Rc3 48. Re4 Rc2+ 49. Kg3 Rd8 50. Re7+ Kg8 51. Nb6 Rxd6 52. Rb7 Rb2 0-1

[Event "Piestany op-B"]
[Site "Piestany"]
[Date "2023.07.11"]
[Round "1"]
[White "Benci, Jozef1111"]
[Black "Slivinsky, Maxim"]
[Result "1-0"]
[WhiteElo "1783"]
[BlackElo "1338"]
[PlyCount "61"]
[EventDate "2023.07.11"]
[EventType "swiss"]
[EventRounds "9"]
[EventCountry "SVK"]
[SourceTitle "EXT 2024"]
[Source "ChessBase"]
[SourceDate "2023.10.10"]
[SourceVersion "1"]
[SourceVersionDate "2023.10.10"]
[SourceQuality "1"]

1. e4 c5 2. g3 b6 3. Bg2 Bb7 4. Ne2 Nf6 5. d3 e5 6. Nbc3 Be7 7. 0-0 0-0 8. f4 d6 9. Kh1 Nbd7 10. Ng1 h6 11. Nf3 Nh7 12. Be3 Nhf6 13. a4 Re8 14. Nh4 Nf8 15. Qf3 Bc8 16. fxe5 dxe5 17. Nd5 N8h7 18. Nf5 Bxf5 19. Qxf5 Rf8 20. Qxe5 Bd6 21. Qf5 Re8 22. Nxf6+ Nxf6 23. Bxh6 Re5 24. Qf3 gxh6 25. Qxf6 Qf8 26. Rf4 Re6 27. Rg4+ Kh7 28. Qf5+ Kh8 29. e5 Rxe5 30. Qf6+ Kh7 31. Be4+ 1-0

[Event "SVK-ch U16"]
[Site "Dudince"]
[Date "2023.04.20"]
[Round "6"]
[White "Polomsky, Tomas"]
[Black "Slivinsky, Maxim"]
[Result "1-0"]
[WhiteElo "1733"]
[BlackElo "1320"]
[PlyCount "51"]
[EventDate "2023.04.16"]
[EventType "swiss"]
[EventRounds "9"]
[EventCountry "SVK"]
[SourceTitle "CBM 213 Extra"]
[Source "ChessBase"]
[SourceDate "2023.05.31"]
[SourceVersion "1"]
[SourceVersionDate "2023.05.31"]
[SourceQuality "1"]

1. Nf3 Nf6 2. g3 g6 3. Bg2 Bg7 4. 0-0 0-0 5. c4 c6 6. d4 d5 7. cxd5 cxd5 8. Nc3 Nc6 9. Bf4 a6 10. Rc1 Re8 11. Ne5 Bf5 12. Nxc6 bxc6 13. Be5 Bh6 14. Bf4 Bxf4 15. gxf4 Qd7 16. f3 Bh3 17. e3 Bxg2 18. Kxg2 Kh8 19. Kh1 Rg8 20. Qc2 Rac8 21. Na4 Qa7 22. Qc5 Qxc5 23. Nxc5 Ra8 24. Rc3 Rgc8 25. Rfc1 Rab8 26. Na4 1-0

[Event "SVK-ch U16"]
[Site "Dudince"]
[Date "2023.04.17"]
[Round "3"]
[White "Slivinsky, Maxim"]
[Black "Hyza, Michal"]
[Result "1/2-1/2"]
[WhiteElo "1320"]
[BlackElo "1043"]
[PlyCount "64"]
[EventDate "2023.04.16"]
[EventType "swiss"]
[EventRounds "9"]
[EventCountry "SVK"]
[SourceTitle "CBM 213 Extra"]
[Source "ChessBase"]
[SourceDate "2023.05.31"]
[SourceVersion "1"]
[SourceVersionDate "2023.05.31"]
[SourceQuality "1"]

1. e4 e5 2. Nf3 Nc6 3. d4 exd4 4. Nxd4 Nxd4 5. Qxd4 d6 6. Nc3 Nf6 7. Be2 Bg4 8. f3 Bd7 9. Bd2 Qe7 10. 0-0-0 Qe5 11. Qxe5+ dxe5 12. Bg5 Be7 13. Bxf6 Bxf6 14. Nd5 Bg5+ 15. Kb1 0-0-0 16. Nc3 Bc6 17. Rxd8+ Rxd8 18. Rd1 Rxd1+ 19. Nxd1 Kd7 20. c4 Kd6 21. Nc3 Kc5 22. Kc2 a6 23. Kd3 b5 24. cxb5 Bxb5+ 25. Nxb5 axb5 26. a3 Kb6 27. Kc3 c6 28. b3 c5 29. a4 bxa4 30. bxa4 h6 31. Bb5 Be7 32. Kc4 Ka5 1/2-1/2